The Masters of English Literature (Record no. 14959)

MARC details
000 -LEADER
fixed length control field 00573nam a2200229 a 4500
020 ## - INTERNATIONAL STANDARD BOOK NUMBER
ISBN 9798185733912
082 00 - DEWEY DECIMAL CLASSIFICATION NUMBER
Classification number 820
Author Cutter GWY
100 ## - MAIN ENTRY--AUTHOR NAME
Author name Gwynn, Stephen
245 ## - TITLE STATEMENT
Title The Masters of English Literature
260 ## - PUBLICATION, DISTRIBUTION, ETC. (IMPRINT)
Place of publication Chandigarh
Name of publisher Abhishek Pubs.
Year of publication 2006
300 ## - PHYSICAL DESCRIPTION
Number of Pages 375p
500 ## - GENERAL NOTE
General note includes index and biblioraphy
650 ## - SUBJECT ADDED ENTRY--TOPICAL TERM
Topical Term English-Literature
942 ## - ADDED ENTRY ELEMENTS (KOHA)
Koha item type Books
700 1# -
-- Gwynn, Stephen
Holdings
Collection code Home library Current library Date acquired Cost, normal purchase price Full call number Accession Number Koha item type
  Henry Martyn Institute Library Henry Martyn Institute Library 01/19/2010 795.00 820 GWY 023091 Books
                   Copyright © 2026 | Henry Martyn Institute | Hyderabad | TS-500052 | INDIA | Implemented by hmi.edu.in
Hit-Count:

Powered by Koha